Beabadoobee - This Is How Tomorrow Moves Full Tracklist - Statistics

General Stats
  • This quiz has been taken 68 times
  • The average score is 12 of 14
Answer Stats
Answer % Correct
California
100%
Beaches
95%
One Time
95%
Take a Bite
95%
Real Man
88%
Ever Seen
86%
Girl Song
86%
Post
86%
The Man Who Left Too Soon
81%
This Is How It Went
81%
Tie My Shoes
81%
Coming Home
74%
Everything I Want
72%
A Cruel Affair
70%
No matching quizzes found
Score Distribution
Percent of People with Each Score
Percentile by Number Answered
Your Score History
You have not taken this quiz